000 00540nam a2200193Ia 4500
008 101110s9999 xx 000 0 und d
041 _aMARATHI
082 _bSR20788
_a651.374
100 _aWaghmare Arun, Waghmare Mangala
245 _aCompany Chitanisachi Karyapaddhati ( SYBCOM )
365 _b80
520 _aCommerce
546 _aMARATHI
630 _aCompany Chitanisachi Karyapaddhati ( SYBCOM )
650 _aCommerce
655 _aCommerce
730 _aCompany Chitanisachi Karyapaddhati ( SYBCOM )
942 _cBOOK
999 _c813780
_d813777